| 000 | 00689cam a2200241 4500 | ||
|---|---|---|---|
| 008 | 090401t1988 xxu||||| |||| 00| 0 eng d | ||
| 020 | _a0854064133 | ||
| 035 | _a(Sirsi) u48182 | ||
| 041 | _aeng | ||
| 050 | _a692.2 | ||
| 090 | _aRICS 1988/48 ABCD | ||
| 100 | _aAnstey, John | ||
| 245 | _aParty walls and what to do with them | ||
| 250 | _a2nd ed. | ||
| 260 |
_aLondon _bSurveyors Publications _c1988 |
||
| 300 | _a127p. ; 21cm. | ||
| 350 | _a7.75 | ||
| 520 | _aSUPERSEDED: Replaced by 3rd edition (RICS 1991/31). Published on behalf of the Royal Institution of Chartered Surveyors. | ||
| 650 |
_aParty walls _96258 |
||
| 650 | _aRICS | ||
| 942 | _n0 | ||
| 948 | _c04/03/1997 | ||
| 999 |
_c92293 _d92293 |
||